Long An: Ngành nông nghiệp với mục tiêu trở thành ngành kinh tế mũi nhọn của tỉnh

Đã lưu trong:
書目詳細資料
主要作者: Nguyễn, Quốc Lý
格式: 圖書
語言:Undetermined
主題:
在線閱讀:http://lrc.tdmu.edu.vn/opac/search/detail.asp?aID=2&ID=26006
標簽: 添加標簽
沒有標簽, 成為第一個標記此記錄!
Thư viện lưu trữ: Trung tâm Học liệu Trường Đại học Thủ Dầu Một
LEADER 00628nam a2200145Ia 4500
001 TDMU_26006
008 210410s9999 xx 000 0 und d
082 |a 338.1 
100 |a Nguyễn, Quốc Lý 
245 0 |a Long An: Ngành nông nghiệp với mục tiêu trở thành ngành kinh tế mũi nhọn của tỉnh 
245 0 |c Nguyễn Quốc Lý 
300 |a Tr.37-39,41 
650 |a Nông nghiệp; Long An; Ngành kinh tế mũi nhọn; Kinh tế 
856 |u http://lrc.tdmu.edu.vn/opac/search/detail.asp?aID=2&ID=26006 
980 |a Trung tâm Học liệu Trường Đại học Thủ Dầu Một